[Event "Minsk Kupreichik Memorial rapid"]
[Site "Minsk"]
[Date "2019.08.16"]
[Round "6"]
[White "Zvereva, Margarita"]
[Black "Pogorelov, Aleksey"]
[Result "1-0"]
[WhiteElo "1678"]
[BlackElo "1548"]
[PlyCount "85"]
[EventDate "2019.08.15"]
[EventType "swiss (rapid)"]
[EventRounds "10"]
[EventCountry "BLR"]
[SourceTitle "CBM 191 Extra"]
[Source "ChessBase"]
[SourceDate "2019.09.30"]
[SourceVersion "1"]
[SourceVersionDate "2019.09.30"]
[SourceQuality "1"]

1. d4 d5 2. Nf3 Nf6 3. e3 Bf5 4. Bd3 Bg6 5. 0-0 Nc6 6. a3 e6 7. c4 dxc4 8. Bxc4 Bd6 9. Nc3 0-0 10. Re1 Ne4 11. Bd3 Nxc3 12. bxc3 Bxd3 13. Qxd3 Ne7 14. e4 c5 15. e5 Bc7 16. Ng5 Ng6 17. h4 h6 18. h5 hxg5 19. hxg6 Qe7 20. dxc5 Rad8 21. Qg3 Qxc5 22. Bxg5 Rd5 23. Qh3 fxg6 24. Qxe6+ Kh7 25. Re3 Qxe3 26. Bxe3 Rxe5 27. Qd7 Bb6 28. Bxb6 axb6 29. Qxb7 Rb5 30. a4 Rb2 31. Rf1 Rf5 32. Qc6 Rc5 33. Qf3 Ra5 34. Qh3+ Rh5 35. Qg4 Rb3 36. Qc4 Rb2 37. g3 Rd2 38. Kg2 Rf5 39. Rh1+ Rh5 40. Rxh5+ gxh5 41. Qb4 g6 42. Qxb6 Ra2 43. a5 1-0

[Event "Voronezh op-B 22nd"]
[Site "Voronezh"]
[Date "2018.06.16"]
[Round "5"]
[White "Pogorelov, Aleksey"]
[Black "Kalashnikova, Elena"]
[Result "0-1"]
[WhiteElo "1569"]
[BlackElo "1774"]
[PlyCount "60"]
[EventDate "2018.06.12"]
[EventType "swiss"]
[EventRounds "9"]
[EventCountry "RUS"]
[SourceTitle "CBM 185 Extra"]
[Source "ChessBase"]
[SourceDate "2018.07.29"]
[SourceVersion "1"]
[SourceVersionDate "2018.07.29"]
[SourceQuality "1"]

1. d4 Nf6 2. c4 c6 3. Nc3 d5 4. Bf4 dxc4 5. e4 b5 6. a3 Bg4 7. Be2 Bxe2 8. Ngxe2 e6 9. 0-0 Be7 10. Qc2 Nbd7 11. Be3 0-0 12. f4 a6 13. Rf3 Ng4 14. Qd2 Nxe3 15. Qxe3 c5 16. d5 b4 17. dxe6 bxc3 18. exd7 cxb2 19. Rb1 Qxd7 20. Rxb2 Qd1+ 21. Rf1 Qd3 22. Qf3 Rfd8 23. Rb7 Bf8 24. f5 Qxf3 25. Rxf3 Rab8 26. Ra7 Rb6 27. Rc3 Rd3 28. a4 Rb2 29. Rxd3 cxd3 30. Nc3 Rc2 0-1